Statistics for Australian Flag Quiz

Click here to take the quiz!

General Stats

  • This quiz has been taken 15 times
  • The average score is 9 of 14

Answer Stats

Answer% Correct
Australia
100%
Norfolk Island
79%
Christmas Island
71%
Cocos (Keeling) Islands
71%
First Nations Peoples
64%
New South Wales
57%
Northern Territory
57%
Queensland
57%
Tasmania
57%
Victoria
57%
Western Australia
57%
South Australia
50%
Torres Strait Islander Peoples
50%
Australian Capital Territory
43%

Score Distribution

Percentile by Number Answered

Percent of People with Each Score

Your Score History

You have not taken this quiz